Welcome to WEB OPAC of MRSPTU Central Library

Fiber-Optic Communication : Systems and Components (Record no. 6603)

MARC details
000 -LEADER
fixed length control field 00482nam a2200181Ia 4500
008 - FIXED-LENGTH DATA ELEMENTS--GENERAL INFORMATION
fixed length control field 230711s9999||||xx |||||||||||||| ||und||
020 ## - INTERNATIONAL STANDARD BOOK NUMBER
International Standard Book Number 978-81-265-3409-8
041 ## - LANGUAGE CODE
Language code of text/sound track or separate title ENG
082 ## - DEWEY DECIMAL CLASSIFICATION NUMBER
Classification number 621.38275
Item number MI-F
100 ## - MAIN ENTRY--PERSONAL NAME
Personal name Mishra,Vivekanand
245 #0 - TITLE STATEMENT
Title Fiber-Optic Communication : Systems and Components
250 ## - EDITION STATEMENT
Edition statement 1st Ed.
260 ## - PUBLICATION, DISTRIBUTION, ETC.
Date of publication, distribution, etc. 2017
Place of publication, distribution, etc. New Delhi
Name of publisher, distributor, etc. Wiley India Pvt.Ltd
300 ## - PHYSICAL DESCRIPTION
Extent 378p.
650 ## - SUBJECT ADDED ENTRY--TOPICAL TERM
Topical term or geographic name entry element Electronics Engineering
700 ## - ADDED ENTRY--PERSONAL NAME
Personal name Ugale,Sunita P
942 ## - ADDED ENTRY ELEMENTS (KOHA)
Koha item type Book
Holdings
Withdrawn status Lost status Damaged status Not for loan Collection Home library Current library Date acquired Source of acquisition Cost, normal purchase price Inventory number Total checkouts Full call number Barcode Date last seen Price effective from Koha item type
          MRSPTU Central Library MRSPTU Central Library 08/04/2043 Krishna Book Distributors 559.00 KBD/2017-2018/1019043059   621.38275 MI-F 39206 08/17/2023 08/17/2023 Book
          MRSPTU Central Library MRSPTU Central Library     499.00 2942478   621.382 MI-F 32345 08/17/2023 08/17/2023 Book
          MRSPTU Central Library MRSPTU Central Library     499.00 2942478   621.382 MI-F 32346 08/17/2023 08/17/2023 Book
          MRSPTU Central Library MRSPTU Central Library     499.00 2942478   621.382 MI-F 32347 08/17/2023 08/17/2023 Book
          MRSPTU Central Library MRSPTU Central Library     499.00 2942478   621.382 MI-F 32348 08/17/2023 08/17/2023 Book
          MRSPTU Central Library MRSPTU Central Library     499.00 2942478   621.382 MI-F 32633 08/17/2023 08/17/2023 Book
          MRSPTU Central Library MRSPTU Central Library     499.00 2942478   621.382 MI-F 32634 08/17/2023 08/17/2023 Book
          MRSPTU Central Library MRSPTU Central Library     499.00 2942478   621.382 MI-F 32635 08/17/2023 08/17/2023 Book
          MRSPTU Central Library MRSPTU Central Library     499.00 2942478   621.382 MI-F 32636 08/17/2023 08/17/2023 Book
          MRSPTU Central Library MRSPTU Central Library     499.00 2942478   621.382 MI-F 32637 08/17/2023 08/17/2023 Book
          MRSPTU Central Library MRSPTU Central Library 08/04/2043 Krishna Book Distributors 559.00 KBD/2017-2018/1019043059   621.38275 MI-F 39207 08/17/2023 08/17/2023 Book
          MRSPTU Central Library MRSPTU Central Library 08/04/2043 Krishna Book Distributors 559.00 KBD/2017-2018/1019043059   621.38275 MI-F 39208 08/17/2023 08/17/2023 Book
          MRSPTU Central Library MRSPTU Central Library 08/04/2043 Krishna Book Distributors 559.00 KBD/2017-2018/1019043059   621.38275 MI-F 39209 08/17/2023 08/17/2023 Book
          MRSPTU Central Library MRSPTU Central Library 08/04/2043 Krishna Book Distributors 559.00 KBD/2017-2018/1019043059   621.38275 MI-F 39210 08/17/2023 08/17/2023 Book

Website Designed and Developed by MRSPTU Central Library Team

E-mail Id: librarian@mrsptu.ac.in